Mentoring and developing practice in primary schools : supporting student teacher learning in schools

Saved in:
Bibliographic Details
Main Author: Edwards, Anne 1946-
Other Authors: Collison, Jill 1955-
Format: Book
Language:English
Published: Buckingham, Philadelphia : Open University Press, 1996
Subjects:
Tags: Add Tag
No Tags, Be the first to tag this record!

MARC

LEADER 00000nam a2200000 i 4500
001 1/91837
008 991104s1996 eng d
020 |a 0-335-19566-0 
035 |l 10053784 
040 |a GR-MY-UA  |b gre  |e aacr 
041 0 |a eng 
082 0 |a 370.733 
100 1 |a Edwards, Anne  |d 1946- 
245 1 0 |a Mentoring and developing practice in primary schools :  |b supporting student teacher learning in schools /  |c Ann Edwards, Jill Collison 
260 |a Buckingham, Philadelphia :   |b Open University Press,   |c 1996 
300 |a 173 p. 
650 0 0 |a Mentoring in education  |z Great Britain. 
650 0 0 |a Master teachers  |z Great Britain. 
650 0 0 |a Student teaching  |z Great Britain. 
700 1 |a Collison, Jill  |d 1955- 
852 |a INST  |b RHODES  |e 19991104  |h 370.733 EDW  |p 005400012440  |q 005400012440  |t BK  |y 0 
901 |a BIBL4-1999-3 
909 |a Ρ  |b 068925 
922 |a 4ΕΛΗ  |b 199909  |c ΚΠΣ/154  |d GLORY BOOKS 
970 |a ΚΟΥΛΑΚΙΟΤΗ  |b ΛΙΤΣΑ  |z 1999/11/04